• 首页
  • 本馆介绍
  • 公告通知
  • 最新文献
  • 馆藏检索
  • 电子资源
  • 读者导购
  • 参考咨询
  • 我的图书馆
  • 登录
  • 详细信息显示
  • 放入我的书架
  • 预约/预借图书
  • 作者相关作品
  • 分类相关作品
  • 丛书相关作品
  • 出版社相关作品

书目信息

  • 表格格式
  • 工作单格式
  • 卡片格式
题名:
融合多种在线状态信息的设备故障概率分析与应用
    
 
作者: 易俊 著
分册:  
出版信息: 北京   科学出版社  2017.2
页数: 199页
开本: 24cm
丛书名:
单 册:
中图分类: TM407
科图分类:
主题词: 电力设备--故障诊断--研究
电子资源:
ISBN: 978-7-03-051717-3
000 00966nam0 2200241 450
001 0400009203
005 20171119105933.0
010    @a978-7-03-051717-3@dCNY88.00
100    @a20170427d2017 em y0chiy50 ea
101 0  @achi
102    @aCN@b110000
105    @aa z 000yy
106    @ar
200 1  @a融合多种在线状态信息的设备故障概率分析与应用@Arong he duo zhong zai xian zhuang tai xin xi de she bei gu zhang gai lv fen xi yu ying yong@f易俊 ... [等]著
210    @a北京@c科学出版社@d2017.2
215    @a199页@c图@d24cm
304    @a著者还有:程林、于群、贺庆、刘满君、何剑
330    @a本书建立融合设备自身健康状况、系统运行状态、外部环境和历史数据的设备故障概率模型,在此模型基础上提出了大停电事故风险评估及薄弱环节识别的方法,建立电网的薄弱节点及危险诱发因素集合,准确评估停电事故的风险。
606 0  @a电力设备@x故障诊断@x研究
690    @aTM407@v5
701  0 @a易俊@AYi Jun@4著
801  0 @aCN@b上海新华@c20171119
905    @b1028622-6@dTM407@e30@f5
    
    融合多种在线状态信息的设备故障概率分析与应用/易俊 ... [等]著.-北京:科学出版社,2017.2
    199页:图;24cm
    
    
    ISBN 978-7-03-051717-3:CNY88.00
    本书建立融合设备自身健康状况、系统运行状态、外部环境和历史数据的设备故障概率模型,在此模型基础上提出了大停电事故风险评估及薄弱环节识别的方法,建立电网的薄弱节点及危险诱发因素集合,准确评估停电事故的风险。
●
相关链接 在E读中查询图书 在五车中查询图书 在当当中查询图书 在豆瓣中查询图书


正题名:融合多种在线状态信息的设备故障概率分析与应用     索取号:TM407/30         预约/预借

序号 登录号 条形码 馆藏地/架位号 状态 备注
1 1028622   210286224   第二样本阅览室/ [索取号:TM407/30] 在馆    
2 1028623   210286233   密集书库-化学系/ [索取号:TM407/30] 在馆    
3 1028624   210286242   第三借阅区/ [索取号:TM407/30] 在馆    
4 1028625   210286251   第三借阅区/ [索取号:TM407/30] 在馆    
5 1028626   210286260   第三借阅区/ [索取号:TM407/30] 在馆    
唐山师范学院图书馆 欢迎您!
大连网信软件有限公司© 版权所有